000 00503nam a2200169Ia 4500
999 _c27448
_d27448
003 OSt
005 20201203111834.0
008 190216s9999||||xx |||||||||||||| ||und||
040 _coclc
082 _a894.8123
_bPIL/C
100 _aPillai, Thakazhi Shivashankara
_9418
245 0 _aChukku /
_cThakazhi Shivashankara Pillai
260 _bPoorna Publications,
_c1996.
_a Kozhikode:
300 _a118p
650 _aMalayalam Novel
942 _cBK
_2ddc
_h Kozhikode
_iPIL/C
_k Kozhikode
_mPIL/C